| 000 | 00645nam a22002290a 4500 | ||
|---|---|---|---|
| 001 | PT18866 | ||
| 003 | AR-LpoUNG | ||
| 005 | 20210131232832.0 | ||
| 008 | 191001s2004||||sp |||||||||||||||||spa d | ||
| 020 |
_a8467502762 _c$98,33 |
||
| 040 |
_aAR-LpoUNG _bspa _cAR-LpoUNG _eaacr |
||
| 041 | _aspa | ||
| 044 | _asp | ||
| 082 | 0 | _aR403 741red | |
| 100 | 1 |
_aBosque, Ignacio _edir. |
|
| 245 | 1 | 0 |
_aRedes : _bdiccionario combinatorio del español contemporáneo : las palabras en su contexto |
| 260 |
_aMadrid : _bSM, _c2004. |
||
| 300 |
_a1840 p. : _btbls., gráfs., il. |
||
| 650 | 4 | _aMATERIAL DE REFERENCIA | |
| 905 | _a18866 | ||
| 942 | _cLSALA | ||
| 999 |
_c17757 _d17757 |
||